000 00648nam a2200205Ia 4500
005 20250508165313.0
008 008 250505s9999 xx 000 0 hin d
020 _a81-7058-198-2
037 _aTextual
040 _aFEDL
_beng
_cFEDL
041 _ahin
_2eng
084 _a305.5, SCH
_qFEDL
100 _aSchmidt Jeff
_9780449
245 0 _aAnushasit mastishk: Vetanbhogi peshevar tatha uske jeewan ko aakar dene vali aatma-vinashi vyavastha per ek vivechnatmak dreshti
260 _aIndore India
_bBanyan Tree
_c2011
300 _axiv, 329p.
365 _aINR
_b350
942 _cTEXL
_h305.5, SCH
999 _c1394307
_d1394307